Health-Related Disinformation: Should We Focus More on Reduc-ing the Mindware Gap or Corrupted Mindware?
Štúdia skúma, či sú konšpiračné presvedčenia o Covid-19 spôsobené nedostatkom užitočného a potenciálne ochranného myslenia alebo kontaminovaným myslením. Na kvótnej vzorke dospelých Slovákov sme tiež skúmali, či osobne relevantný obsah zlepšuje vedecké uvažovanie, a to pomocou dvoch verzií úloh vede...
Salvato in:
| Autore principale: | |
|---|---|
| Altri autori: | |
| Natura: | Capitolo di libro |
| Lingua: | inglese |
| Soggetti: | |
| Tags: |
Nessun Tag, puoi essere il primo ad aggiungerne!!
|
MARC
| LEADER | 00000naa a2200000 4500 | ||
|---|---|---|---|
| 001 | 0311867 | ||
| 005 | 20260325123439.9 | ||
| 041 | 0 | |a eng | |
| 044 | |a SK | ||
| 245 | 1 | 0 | |a Health-Related Disinformation: Should We Focus More on Reduc-ing the Mindware Gap or Corrupted Mindware? |c Viktória Sunyik, Vladimíra Čavojová |
| 520 | |a Štúdia skúma, či sú konšpiračné presvedčenia o Covid-19 spôsobené nedostatkom užitočného a potenciálne ochranného myslenia alebo kontaminovaným myslením. Na kvótnej vzorke dospelých Slovákov sme tiež skúmali, či osobne relevantný obsah zlepšuje vedecké uvažovanie, a to pomocou dvoch verzií úloh vedeckého uvažovania – jednej so scenármi koronavírusu a jednej neutrálnej. Zatiaľ čo pravdepodobnostné uvažovanie a vedecké poznatky negatívne predpovedajú vieru v konšpiračné teórie, protivedecké postoje významne prispievajú k ich vyššej akceptácii. Riešenie protivedeckých postojov a rozvoj pravdepodobnostného uvažovania a vedeckých poznatkov teda môže byť kľúčové pre zmiernenie konšpiračných presvedčení súvisiacich so zdravím. | ||
| 610 | 2 | 0 | |a štúdie psychologické |
| 610 | 2 | 0 | |a výskum psychologický |
| 610 | 2 | 0 | |a veda |
| 610 | 2 | 0 | |a koncepcie |
| 610 | 2 | 0 | |a koronavírus |
| 610 | 2 | 0 | |a zdravie |
| 610 | 2 | 0 | |a teórie konšpiračné |
| 610 | 2 | 0 | |a dezinformácie |
| 100 | 1 | |a Sunyik, Viktória | |
| 700 | 1 | |a Čavojová, Vladimíra | |